Städte Österreichs - Bilderquiz - Statistiken

Allgemein
  • Dieses Quiz wurde 49 mal gespielt
  • Das Durchschnittsergebnis liegt bei 11 aus 16
Antwortstatistiken
Bildquiz Antwort % Korrekt
Salzburg
100%
Innsbruck
98%
Linz
98%
Graz
93%
Wien
93%
Bregenz
86%
Klagenfurt
81%
St Pölten
74%
Villach
70%
Eisenstadt
67%
Krems
56%
Dornbirn
47%
Steyr
47%
Wels
44%
Wiener Neustadt
44%
Wolfsberg
26%
Keine übereinstimmenden Quizze gefunden
Verteilung der Resultate
Anzahl Personen mit jedem Resultat
Perzentil nach korrekt beantworteten Fragen
Ihre Resultats-Entwicklung
Sie haben dieses Quiz noch nicht gespielt